Estadísticas para Fichajes Récord del FC Barcelona

Haz click aquí para intentar la prueba.

Estadísticas generales

  • Esta prueba ha sido intentada 167 veces
  • La puntuación promedio es 16 de 20

Estadísticas de respuestas

$$$TemporadaViene de...Jugador% Correcto
88.000.0002013/14SantosNeymar
100%
120.000.0002019/20Atlético MadridAntoine Griezmann
98%
135.000.0002017/18LiverpoolPhilippe Coutinho
98%
86.000.0002019/20AjaxFrenkie de Jong
97%
81.720.0002014/15LiverpoolLuis Suárez
97%
135.000.0002017/18Borussia DortmundOusmane Dembélé
96%
58.000.0002022/23Leeds UnitedRaphinha
90%
55.000.0002021/22Manchester CityFerran Torres
85%
50.000.0002022/23SevillaJules Koundé
84%
40.000.0002023/24Athletico ParanaenseVitor Roque
82%
45.000.0002022/23Bayern MunichRobert Lewandowski
81%
40.000.0002017/18Guangzhou FCPaulinho
80%
40.000.0002010/11ValenciaDavid Villa
79%
69.500.0002009/10Inter MilanZlatan Ibrahimović
76%
60.000.0002020/21JuventusMiralem Pjanic
73%
37.000.0002016/17ValenciaAndré Gomes
60%
35.900.0002018/19SevillaClément Lenglet
59%
41.000.0002018/19Girondins de BurdeosMalcom
47%
35.900.0002001/02River PlateJavier Saviola
44%
35.700.0002017/18BenficaNélson Semedo
44%

Distribución de puntuación

Porcentaje por número respondido

Porcentaje de gente con cada puntuación

Historial de tus puntuaciones

No has intentado esta prueba.